000 00647nam a22002172 4500
001 0000019042
005 20151217152143.0
008 100902s xx 000 0 eng d
020 _a0071276157 :
040 _aKABU
_cKABU
100 1 _aArgenti, Paul A.
_@0000178604
245 1 0 _aCorporate communication /
_cPaul A. Argenti.
250 _a5th ed.
260 _aBoston :
_bMcGraw-Hill,
_c2009.
300 _axx, 311 p.
650 0 _aCommunication in management.
_@0000150639
650 0 _aCommunication in organizations.
_@0000150641
852 1 _9p2600 KES
908 _a100902
950 _@1
999 _c8783
_d8783